1746 1597 1773 1889 1248 1331 1051 1012 1803 1004 1695 1104 1918 1101 1405 1843 1398 1776 1399 1187 1655 1221 1187 1265 1214 1515 1990 1855 1363 1586 1407 1920 1870 1977 1359 1917 1681 1720 1371 1859 1255 1495 1993 1151 1306 1124 1166 1519 1739 1304 1659 1111 1358 1208 1817 1314 1440 1316 1159 1789 1204 1178 1957 1406 1192 1793 1932 1190 1736 1017 1464 1623 1140 1336 1406 1764 1037 1981 1639 1689 1098 1682 1386 1319 1269 1674 1668 1638 1236 1106 1099 1252 1813 1130 1620 1283 1302 1748 1836 BCNSPRNW ULIB Ver.6.0+V

เปลี่ยนเป็นภาษาไทย

Change to English
 แสดงรายละเอียดบรรณานุกรม
  กลับหน้าหลัก

Brief Record : Get Marc (ISO 2709) : E-mail record : QR code < ปิดหน้าต่าง
LEADER : 00000nam 2200000uu 4500
001    13399122794
003     ULIB
008    130926s2555||||th 000 0 tha d
020    ^a9786163054890
060  4 ^aWS113^bพ713L
100    ^aพิภพ จิรภิญโญ
245    ^aคัมภีร์เลี้ยงลูกให้เก่งและดี ดีกรีฮาร์วาร์ด :^bLovely DNA สายพันธุ์แห่งรัก /^cพิภพ จิรภิญโญ
246 21 ^aLovely DNA สายพันธุ์แห่งรัก
250    ^aพิมพ์ครั้งที่ 1
260    ^aกรุงเทพฯ^bอมรินทร์,^c2555
300    ^a241 หน้า
500    ^aหนังสือชุด คัมภีร์เลี้ยงลูกให้เก่งและดี ดีกรีฮาร์วาร์ด มี 4 เล่ม คือพื้นฐานในการเลี้ยงลูกให้เก่งและดี,Lovely DNA สายพันธุ์แห่งรัก,เลี้ยงลูกผ่าน E-mail,สายพันธุ์แห่งรักในฮาร์วาร์ด
650  7 ^aเลี้ยงลูก
710 1  ^aมหาวิทยาลัยมหิดล.^bคณะแพทยศาสตร์ศิริราชพยาบาล.^bภาควิชากุมารเวชศาสตร์
945    ^p180^l0^i034023
999    ^aเกษร โพธิ์สุวรรณ
รายการนี้ยังไม่มีแท็ก
คุณยังไม่ได้ล็อกอิน คุณสามารถมีกิจกรรมร่วมกับเว็บไซต์ได้ แต่ต้องล็อกอินก่อน ::
  ล็อกอิน

รายการสื่อสารสนเทศ

ลำดับที่ ประเภท เลขเรียก/บาร์โค้ด สถานที่ สถานะ
1. วิทยาศาสตร์การแพทย์ และสุขภาพ
หนังสือสำรอง
สถานะ=หนังสือสำรอง
WS113 พ713L ฉ.1 
  Barcode: 034023
ห้องสมุดวิทยาเขตสวรรค์ประชารักษ์
►ส่วนจัดเก็บหนังสือเก่า สปร
บนชั้น
  ขอยืม

รายการใกล้เคียง
    ผู้แต่ง [พิภพ จิรภิญโญ]

    หัวเรื่อง [เลี้ยงลูก]

BibComment


ยังไม่เคยถูกคอมเมนท์

คอมเมนท์ทรัพยากรรายการนี้
  คอมเมนท์: คัมภีร์เลี้ยงลูก..


 Copyright 2026. Bcnsprnw @Library